LEADER 00810nam0-22002891i-450- 001 990006354160403321 005 19980601 035 $a000635416 035 $aFED01000635416 035 $a(Aleph)000635416FED01 035 $a000635416 100 $a19980601d1996----km-y0itay50------ba 105 $a--------00-yy 200 1 $aCODICE penale. 205 $a2. ed. - 210 $aTorino$cUtet$d1996 215 $a6 v.$d24 cm 327 $aVol. 1-3 : Parte generale / a cura di Massimo Bonafede [et al.] Vol. 4-6: Parte speciale / a cura di Alberto Bernardi [et al.] 676 $a345.026 801 0$aIT$bUNINA$gRICA$2UNIMARC 901 $aBK 912 $a990006354160403321 952 $aXII Z 246 (11)$b33646*$fFGBC 959 $aFGBC 996 $aCodice penale$958863 997 $aUNINA DB $aGIU01 LEADER 01224nam1 22002891i 450 001 VAN0015530 005 20070411120000.0 100 $a20040414f 1991 |0itac50 ba 101 $aita 102 $aIT 105 $a|||| ||||| 200 1 $aFilosofia del linguaggio normativo$fAmedeo G. Conte 210 $aTorino$cGiappichelli 215 $av.$d21 cm. 463 1$1001VAN0015044$12001 $aStudi 1965-1981$fAmedeo G. Conte$1205 $a2. ed$1210 $aTorino$cGiappichelli$d1995$1215 $aXXIV, 263 p.$d21 cm.$v1 463 1$1001VAN0015531$12001 $aStudi 1982-1994$fAmedeo G. Conte$gcon una lettera di Norberto Bobbio$1210 $aTorino$cGiappichelli$d1995$1215 $aXXXIX, P. 267-627$d21 cm.$v2 463 1$1001VAN0028094$12001 $aStudi 1995-2001$fAmedeo G. Conte$1210 $aTorino$cGiappichelli$d2001$1215 $aP. XCI, 633-1037$d22 cm.$v3 606 $aFilosofia del linguaggio$3VANC004237$2FI 606 $aLogica deontica$3VANC007795$2FI 620 $dTorino$3VANL000001 676 $a149.94$v21 700 1$aConte$bAmedeo G.$3VANV010312$0159051 712 $aGiappichelli$3VANV107921$4650 801 $aIT$bSOL$c20230616$gRICA 912 $aVAN0015530 996 $aFilosofia del linguaggio normativo$962609 997 $aUNICAMPANIA